| 000 | 01250namaa2200301 i 4500 | ||
|---|---|---|---|
| 003 | EG-GICUC | ||
| 005 | 20260415134054.0 | ||
| 008 | 260415s1995 le ||||jr|||| 000 0 ara d | ||
| 040 |
_aEG-GiCUC _bara _cEG-GiCUC _dEG-GiCUC _erda |
||
| 082 | 0 | 4 |
_221 _a415.1 _bA537k |
| 092 | 0 | 4 |
_221 _a415.1 _bA537k |
| 099 | _a415.1 A537k | ||
| 100 | 1 |
_aابن الأنباري، عبد الرحمن بن محمد _d1119-1181 _eمؤلف. |
|
| 245 | 1 | 0 |
_aكتاب أسرار العربية / _cتصنيف ابى البركات عبد الرحمن بن محمد ابن ابى سعيد الانبارى 513 هـ -577هـ ؛ تحقيق الدكتور فخر صالح قداره |
| 250 | _aالطبعة الاولى | ||
| 264 |
_aبيروت (لبنان) : _bدار الجيل، _c1995 |
||
| 300 |
_a419 صفحة؛ _c24 سم |
||
| 336 |
_2rdacontent _atext |
||
| 337 |
_2rdamedia _aUnmediated |
||
| 338 |
_2rdacarrier _avolume |
||
| 504 | _aيشتمل على ارجاعات بليوجرافية. | ||
| 541 |
_aد. / جابر عصفور ؛ _bالقاهرة ؛ _cإهداء ؛ _d2024. |
||
| 650 | 1 | 7 |
_aاللغة العربية _xالنحو _2qrmak |
| 651 | 1 | _2qrmak | |
| 700 | 1 |
_aقداره، فخر صالح، _eمحقق. |
|
| 905 | _aAmira | ||
| 942 |
_2ddc _cBK _e21 _n0 |
||
| 999 |
_c179506 _d179506 |
||